| 000 | 00621cam a22002171 4500 | ||
|---|---|---|---|
| 001 | af 47005539 | ||
| 003 | DLC | ||
| 005 | 20260227110832.0 | ||
| 008 | 890404s1943 be 000 1 dut c | ||
| 010 | _aaf 47005539 | ||
| 035 | _a(OCoLC)19494504 | ||
| 040 |
_aCalifornia. Univ. Libr. _cCU _dDLC |
||
| 041 | 1 |
_adut _hger |
|
| 042 | _apremarc | ||
| 050 | 0 | 0 |
_aPT2611.R186 _bS854 |
| 100 | 1 |
_aFranck, Hans, _d1879- |
|
| 245 | 1 | 4 |
_aHet eiland in de Zuidzee, _bnovelle. _c[Uit het Duitsch vertaald door Henri Bruning] |
| 260 |
_aBrussel, _bMeddens _c[1943] |
||
| 300 |
_a66 p. _c19 cm. |
||
| 700 | 1 |
_aBruning, Henri, _d1900- _etr. |
|
| 999 |
_c3161 _d3161 |
||